000 00751nam a22002297a 4500
003 UA-OsUOA
001 42087
007 ta
008 20081119b un ||||| |||| 00| 0 ukr d
090 _a050
_bЛ67
942 _cMG
040 _aUA-OsUOA
_bukr
_cUA-OsUOA
_dUA-OsUOA
245 _aЛітопис Волині
_bНауково-популярний збірник волинознавства
300 _a184 с.
955 _a4
041 _aukr
080 _a050
260 _aВінніпег
310 _a1971-1972 Ч.10-11
650 7 _a050 Серійні публікації. Періодика галузі, Організація та інші типи поєднання (співробітництва)
_2UDC
999 _c440588
_d440588